Normal view
MARC view
Entry Topical Term
001 - CONTROL NUMBER
- control field: 6531
003 - CONTROL NUMBER IDENTIFIER
- control field: OSt
005 - DATE AND TIME OF LATEST TRANSACTION
- control field: 20190625045214.0
008 - FIXED-LENGTH DATA ELEMENTS
- fixed length control field: 190625|| aca||aabn | a|a d
040 ## - CATALOGING SOURCE
- Original cataloging agency: OSt
- Transcribing agency: OSt
150 ## - HEADING--TOPICAL TERM
- Topical term or geographic name entry element: President power
670 ## - SOURCE DATA FOUND
- Source citation: Work cat.: (OSt): Roberts, Robert 6529, The judicial response to the Presidential polarization of the administrative state, 2019
